Aportes para una epidemiología del suicidio en Costa Rica: un análisis de la primera década del siglo XXI = Contributions to a suicidal epidemiology in Costa Rica: XXI's first decade analysis /
En este artículo se presentan diferentes datos estadísticos respecto a la epidemiología del suicidio en Costa Rica, durante el período 200-2009. Los datos se dividieron en cuatro apartados para su tratamiento y análisis, estableciéndose comparaciones con lo sucedido en otros países: magnitud del fen...
Salvato in:
| Autore principale: | |
|---|---|
| Natura: | testo |
| Soggetti: | |
| Tags: |
Aggiungi Tag
Nessun Tag, puoi essere il primo ad aggiungerne!!
|
MARC
| LEADER | 00000 a a2200000 04500 | ||
|---|---|---|---|
| 001 | 44237 | ||
| 003 | |||
| 040 | |||
| 100 | |a Sáenz Rojas, Mario A. | ||
| 245 | |a Aportes para una epidemiología del suicidio en Costa Rica: un análisis de la primera década del siglo XXI = |b Contributions to a suicidal epidemiology in Costa Rica: XXI's first decade analysis / |c Mario A. Sáenz Rojas | ||
| 500 | |a masaenz65@gmail.com | ||
| 520 | |a En este artículo se presentan diferentes datos estadísticos respecto a la epidemiología del suicidio en Costa Rica, durante el período 200-2009. Los datos se dividieron en cuatro apartados para su tratamiento y análisis, estableciéndose comparaciones con lo sucedido en otros países: magnitud del fenómeno, ocurrencia del fenómeno, género y localización geográfica | ||
| 590 | |a RRH/MARZO2013 | ||
| 650 | |a SALUD | ||
| 650 | |a PSICOLOGIA | ||
| 650 | |a SUICIDIO | ||
| 650 | |a EPIDEMIOLOGIA | ||
| 650 | |a COSTA RICA | ||
| 740 | |a Salud y bienestar = Health and welfare | ||
| 773 | |g número131 ( , 2011), páginas 37-55 : tablas, gráficos | ||
| 999 | |c 39459 |d 39459 | ||
| 773 | 0 | |0 18728 |9 3016 |a Universidad de Costa Rica |d San José, Costa Rica Editorial UCR 1956- |o 15082 |t Revista de Ciencias Sociales/ |x 04825276 | |
